00466nam a2200145Ia 4500008004100000020001500041041001200056082001600068100001500084245016400099250000800263260002500271300000800296650001600304221030s9999 xx 000 0 und d a8120312201 aEnglish a105.23bBre aB. B. Brey 4aThe Intel Microporcessors 8086/8088, 80186/ 80188, 80286, 80386, 80486, Pentium, & Pentium Pro Processor Architecture, Programming & Interfacingcby B. B. Brey a4th bPHIaNew Delhic1999 a907 aBE Computer